Cable television technology

Guardat en:
Dades bibliogràfiques
Autor principal: Slater, Jame N.
Format: Llibre
Idioma:Undetermined
Publicat: New York John Willey and Sons 1988
Matèries:
Etiquetes: Afegir etiqueta
Sense etiquetes, Sigues el primer a etiquetar aquest registre!
Thư viện lưu trữ: Trung tâm Học liệu Trường Đại học Cần Thơ
LEADER 00534nam a2200193Ia 4500
001 CTU_82709
008 210402s9999 xx 000 0 und d
082 |a 621.388 
082 |b S631 
100 |a Slater, Jame N. 
245 0 |a Cable television technology 
245 0 |c Jame N. Slater 
260 |a New York 
260 |b John Willey and Sons 
260 |c 1988 
650 |a Community antenna television 
650 |x Apparatus and supplies 
904 |i QHieu(sửa) 
980 |a Trung tâm Học liệu Trường Đại học Cần Thơ